Flotte Air France - Statistiques

Statistiques générales
  • Ce quiz a été pris 169 fois
  • Le résultat moyen est 7 sur 10
Statistiques - réponses
Réponse % Correct
A320
96%
A350
91%
A330
88%
A319
81%
A321
78%
A318
75%
A220
74%
B787
54%
B777-3
40%
B777-2
38%
Aucun quiz correspondant
Distribution des résultats
% des personnes avec chaque résultat
Percentile par nombre de réponses
Votre historique - résultats
Vous n’avez pas pris ce quiz